Propuesta y experiencias para desarrollar un sistema nacional de indicadores educativos / (Record no. 160943)

MARC details
000 -CABECERA
campo de control de longitud fija 00768nam a2200217 a 4500
005 - FECHA Y HORA DE LA ÚLTIMA TRANSACCIÓN
campo de control 20230926063605.0
008 - ELEMENTOS DE LONGITUD FIJA--INFORMACIÓN GENERAL
campo de control de longitud fija 121121s2007 mx r 000 0 spa d
020 ## - NÚMERO INTERNACIONAL NORMALIZADO PARA LIBROS
Número Internacional Estándar del Libro 9789685924283
035 ## - NÚMERO DE CONTROL DEL SISTEMA
Número de control de sistema UPN01000188840
049 ## - COLECCIÓN
Colección CG
050 #4 - SIGNATURA TOPOGRÁFICA DE LA BIBLIOTECA DEL CONGRESO
Número de clasificación LB2846
Número de documento/Ítem P7.6
245 00 - MENCIÓN DE TÍTULO
Título Propuesta y experiencias para desarrollar un sistema nacional de indicadores educativos /
Mención de responsabilidad, etc. Felipe Martínez Rizo ... [et al.].
260 ## - PUBLICACIÓN, DISTRIBUCIÓN, ETC.
Lugar de publicación, distribución, etc. México :
Nombre del editor, distribuidor, etc. INEE,
Fecha de publicación, distribución, etc. 2007.
300 ## - DESCRIPCIÓN FÍSICA
Extensión 280 p. :
Otras características físicas cuadros +
Material acompañante/anejo 1 CD-ROM 4 3/4
500 ## - NOTA GENERAL
Nota general El CD-ROM solicítalo en el Mostrador de Préstamo
650 #2 - ASIENTO SECUNDARIO DE MATERIA - TERMINO TEMATICO
Término de materia o nombre geográfico como elemento de entrada Indicadores educativos
Subdivisión geográfica México
9 (RLIN) 10099
650 #4 - ASIENTO SECUNDARIO DE MATERIA - TERMINO TEMATICO
Término de materia o nombre geográfico como elemento de entrada Evaluación educativa
Subdivisión geográfica México
9 (RLIN) 5996
700 1# - ASIENTO SECUNDARIO--NOMBRE DE PERSONAL
Nombre de persona Martínez Rizo, Felipe,
Fechas asociadas al nombre 1946-
Término indicativo de función/relación coaut.
9 (RLIN) 29172
905 ## - TIPO DE MATERIAL
Tipo de material Libro
Holdings
Estado de retiro Estado de pérdida Fuente del sistema de clasificación o colocación Estado dañado No para préstamo Código de colección Localización permanente Ubicación/localización actual Ubicación en estantería Total de préstamos Clasificación Código de barras Fecha visto por última vez Número de copia Tipo de ítem Koha Fecha de adquisición Precio válido a partir de Nota pública
    Library of Congress Classification     Colección General Bib. Gregorio Torres Quintero Bib. Gregorio Torres Quintero Planta baja 3 LB2846 P7.6 305283 31/12/2020 1 Libro      
    Library of Congress Classification     Colección General Bib. Gregorio Torres Quintero Bib. Gregorio Torres Quintero Planta baja 6 LB2846 P7.6 287073 31/12/2020 1 Libro      
    Library of Congress Classification     Colección General Bib. Gregorio Torres Quintero Bib. Gregorio Torres Quintero Planta baja   LB2846 P7.6 324441 31/12/2020 1 Libro      
    Library of Congress Classification     Materiales complementarios y otros recursos electrónicos  Bib. Gregorio Torres Quintero Bib. Gregorio Torres Quintero Mostrador de préstamo Planta baja   LB2846 P7.6 340003 23/09/2024   Disco Compacto 23/09/2024 23/09/2024 Solicítalo en el mostrador de préstamo